| 000 | 00345nam a2200133Ia 4500 | ||
|---|---|---|---|
| 005 | 20251222144741.0 | ||
| 008 | 251222s9999||||xx |||||||||||||| ||spa|| | ||
| 020 | _a987-9001-02-8 | ||
| 082 | _a372.218/M42 | ||
| 100 | _aDe Mendoza, Margarita M. | ||
| 245 | 0 | _aNueva Guía Práctica Para La Maestra Jardinera | |
| 264 | _bCorcel | ||
| 942 | _cLIB | ||
| 999 |
_c18971 _d18971 |
||